000 00543nam a22002057a 4500
999 _c6714
_d6714
003 OSt
005 20200309101010.0
008 200309b ||||| |||| 00| 0 eng d
020 _a9780273722908
040 _cDDC
082 _a150MAL 2010
100 _aMaltby,John;[et...al]
_913791
245 _aPersonality, Individual Differences and Intelligence:
250 _a2nd ed.
260 _aEngland,Prentice Hall,2010.
300 _axxvii,124p;
_bill;
_c26cm.
504 _a978027372290
650 _apsychology.
_931
942 _2ddc
_cO_SHELF